Statystyki dla Oficjalni kandydaci i potencjalni kandydaci do NATO!

Kliknij tutaj aby rozwiązać quiz!

Ogólne statystyki

  • Ten quiz został rozwiązany 179 razy
    (161 od ostatniego zresetowania)
  • Średni wynik to 3 z 5

Statystyki odpowiedzi

Państwo% Poprawnych
Potencjalny kandydatUkraina
87%
Potencjalny kandydatSzwecja
79%
Oficjalny kandydatBośnia i Hercegowina
65%
Potencjalny kandydatSerbia
60%
Potencjalny kandydatGruzja
47%

Rozkład punktacji

Percentyl według liczby udzielonych odpowiedzi

Procent ludzi z każdym wynikiem

Twoja historia wyników

Nie rozwiązałeś tego quizu od ostatniego zresetowania